000 00739nam a2200265Ia 4500
003 OSt
005 20221007080717.0
006 a|||||r|||| 00| 0
007 ta
008 221006b |||||||| |||| 00| 0 eng d
024 _a27,560
037 _cTextual
040 _aFLL
_cFLL
_beng
041 _2eng
_aeng
082 _aZ53:91, E6
100 _aFouilee A.
_9695313
245 0 _aModern French legal philosophy
260 _aNew York
_bAugustus M. Kelly New
_c1916
300 _alxvi,578p
_ccm.
700 _a Charmont J.
_9695314
700 _a Demogue R.
_9695315
700 _a Duguit L.
_9695316
942 _hZ53:91, E6
_cTEXL
_2CC
999 _c1160634
_d1160634